Naušika z Větrného údolí /
Fantasy manga série od slavného japonského filmaře, která vznikala v poslední čtvrtině 20. století.
Uloženo v:
| Hlavní autor: | |
|---|---|
| Další autoři: | |
| Médium: | Kniha |
| Jazyk: | Czech |
| Vydáno: |
V Praze :
Crew,
2025-
|
| Vydání: | První vydání |
| Edice: | Crew manga
|
| Témata: | |
| Celkem bylo vypůjčeno: | 0x |
| Tagy: |
Žádné tagy |
| LEADER | 01811nam a2200457 ia4500 | ||
|---|---|---|---|
| 001 | 106450 | ||
| 003 | CZ PrNK | ||
| 005 | 20260603080127.0 | ||
| 007 | ta | ||
| 008 | 251218m20259999xr af g 6 000 1 cze | ||
| 015 | |a cnb003732998 | ||
| 020 | |a 9788076799370 |q (1 ; |q brožováno) | ||
| 040 | |a ABG001 |b cze |d ABA001 |e rda | ||
| 041 | 1 | |a cze |h jpn | |
| 072 | 7 | |a 741.52 |x Komiksy. Komiksové adaptace |2 Konspekt |9 21 | |
| 080 | |a 741.52(0:82-32) |2 MRF | ||
| 080 | |a 741.52(0:82-322.9) |2 MRF | ||
| 100 | 1 | |a Miyazaki, Hayao, |d 1941- |7 pna2007389172 |4 aut |4 ill |9 117006 | |
| 240 | 1 | 0 | |a Kaze no tani no Naushika. |l Česky |
| 245 | 1 | 0 | |a Naušika z Větrného údolí / |c Hajao Mijazaki ; překlad z japonštiny: Anna Křivánková |
| 250 | |a První vydání | ||
| 264 | 1 | |a V Praze : |b Crew, |c 2025- | |
| 300 | |a ^^^svazků : |b ilustrace ; |c 26 cm | ||
| 336 | |a text |b txt |2 rdacontent | ||
| 336 | |a statický obraz |b sti |2 rdacontent | ||
| 337 | |a bez média |b n |2 rdamedia | ||
| 338 | |a svazek |b nc |2 rdacarrier | ||
| 490 | 1 | |a Crew manga | |
| 500 | |a Tištěno zprava doleva ve stylu manga | ||
| 505 | 1 | |a 1. 2025. 130 stran, 1 nečíslovaný složený list obrazových příloh (2 strany) + 1 plakát (41 x 59 cm složeno na 21 x 15 cm) | |
| 520 | 2 | |a Fantasy manga série od slavného japonského filmaře, která vznikala v poslední čtvrtině 20. století. | |
| 655 | 7 | |a manga |7 fd1057492 |2 czenas | |
| 655 | 7 | |a fantasy komiksy |7 fd1057473 |2 czenas | |
| 655 | 9 | |a manga |2 eczenas | |
| 655 | 9 | |a fantasy comics |2 eczenas | |
| 700 | 1 | |a Křivánková, Anna, |d 1982- |7 jo2011555995 |4 trl |9 19261 | |
| 830 | 0 | |a Crew manga | |
| 910 | 3 | |a UOG502 |b 2-066.707 | |
| 942 | |2 ddc |c KN | ||
| 999 | |d 106450 | ||
| 993 | |0 0 |1 421180107166 |2 ddc |4 0 |7 0 |9 99879 |b 0 |c 107166 |d 2026-06-03 |e 0 |f DOSP |h 299.00 |i Koupě |l DOSP |r 2026-06-03 |t 6 |w 2026-06-03 |y KN |z KOMIKS |n | ||